000 01097nam0a2200289 4500
001 RU\NLR\b_ik\178361
005 20250616230646.0
010 _a978-5-7161-0186-9
_9300
035 _a(NLR Aleph) 002250957
090 _a3687857
_c3687857
100 _a20090615d2008 |||y0rusy50 ca
101 0 _aepo
102 _aRU
105 _ac |||||||||
200 1 _aEl ombro
_eantologio de prozo el Rusio
_fkomp. G. Arosev, N. Gudskov
210 _aMoskvo
_cImpeto
_d2008
215 _a99 с.
_cпортр.
_d22
300 _aВ вып. дан.: Из тени : антология современной проэы из России
517 0 _aИз тени
_eантология современной проэы из России
541 0 _aИз тени
_eантология прозы из России
_zrus
606 1 _aЭсперанто язык
_jКниги для чтения
_91994328
_3RU\NLR\AUTH\661201296
686 1 _aШ181.1-93хрест
702 1 _aAros'ev
_bG. L.
_f1979-
_gGrigorij L
_4220
801 0 _aRU
_bNLR
_c20090615
_gRCR
942 _cBOOK
980 _aNB